Statistics for Dunder Mifflin Managers

Click here to take the quiz!

General Stats

  • This quiz has been taken 66 times
  • The average score is 7 of 9

Answer Stats

HintAnswer% Correct
1Michael G Scott
100%
7Andy Bernard
95%
9Dwight K Schrute
93%
2Jim Halpert
93%
6Robert California
80%
5Creed Bratton
69%
3Charles Miner
60%
8Nellie Bertram
53%
4D'Angelo Vickers
45%

Score Distribution

Percentile by Number Answered

Percent of People with Each Score

Your Score History

You have not taken this quiz